Регионална библиотека "Любен Каравелов" - Русе

Ръководство за упражнения и сборник задачи по механика на флуидите (Запис номер 353543)

MARC детайли
000 -Лидер
Контролно поле с фиксирана дължина 02179nam a2200361 c 4500
003 - Код на организацията, давaща контролен номер
Контролно поле BLK
005 - Дата и час на последна редакция
Контролно поле 20200410165631.0
008 - Елементи от данни с фиксирана дължина
fixed length control field 180411b bul|||||r ||||||| ||bul||
040 ## - Източник на каталожния запис
Идентификатор на билиотеката - собственик на записа BLK
041 ## - Код за език
Код за езика на текст/звукозапис или на отделно заглавие Български
Код за езика КДБФ Български
080 ## - УДК
Текстов определител УДК Механика на течности и газове в цялост. Хидромеханика - Равновесие в течностите, скачени съдове, потопени и плаващи тела, устойчивост на плаващите тела, теория на кораба и др. При необходимост с
УДК код - определител по УДК 532
УДК определител (075.8)
УДК - код + определител 532(075.8)
080 ## - УДК
Текстов определител УДК Механика на газовете. Аеродинамика. Физика на плазмата
УДК код - определител по УДК 533
УДК определител (075.8)
УДК - код + определител 533(075.8)
100 1# - Редна дума - Автор
Автор Станков, Петър
Авторска отговорност първи автор
R(LIN) 385045
139 ## - Редно поле
Редна дума Станков, Петър и др.
Авторски знак Стани - С 69
245 10 - Сведения за заглавието
Заглавие Ръководство за упражнения и сборник задачи по механика на флуидите
Подзаглавни данни За студентите от ВМЕИ В. И. Ленин - София
Редно поле (дума) Петър Станков Йорданов; съавт. Иван Славейков Антонов ; Под общ. ред. на Венцеслав Х. Маджирски
250 ## - Област на изданието
Сведения за изданието 1. изд.
257 ## - Страна на издаване
Страна на създаване/издаване България
260 ## - Област на издателските данни
Име на издателя, разпространителя и проч. Техника
Година на издаване 1986
Място на издаване, разпространение и проч. София
Печатница Ямбол : Г. Димитров
300 ## - Физическа характеристика
Страници 235 с.
Илюстрации и др. със сх., табл., диагр.
Размери/Мащаб 22 см
380 ## - Жанр
Жанр Естествени науки. Математика
500 ## - Общи забележки
Забележка Пълното име на първия авт. е Петър Станков Йорданов. - 2 588 тир.
650 #4 - Допълнително описание по предмет – тема
Основно описание – тема или топоним Механика на флуидите - учебници за ВУЗ
9 (RLIN) 250058
653 #7 - Ключова дума – ненормативна
9 (RLIN) 199423
Ключова дума флуиди
653 #7 - Ключова дума – ненормативна
9 (RLIN) 190935
Ключова дума механика
653 #7 - Ключова дума – ненормативна
9 (RLIN) 199104
Ключова дума учебници за ВУЗ
700 1# - Други автори (авторска отговорност)
Лично име Антонов, Иван Славейков
Автороска отговорност (Описва отношението между автора и произведението) съавт.
9 (RLIN) 377487
700 ## - Други автори (авторска отговорност)
Лично име Маджирски, Венцеслав Христов
Автороска отговорност (Описва отношението между автора и произведението) под общ. ред. на
9 (RLIN) 864
700 1# - Други автори (авторска отговорност)
Лично име Йорданов, Петър Станков
Автороска отговорност (Описва отношението между автора и произведението) *
9 (RLIN) 385046
852 ## - Местоположение
Форматна сигнатура Цб 146050
Фондова буква Хранилище
999 ## - СИСТЕМНИ КОНТРОЛНИ НОМЕРА
Koha biblionumber 353543
Koha biblioitemnumber 353543
942 ## - АРТИКУЛИ
Вид на библиотечния материал Книги
Скрит в OPAC Не
Периодичен библиозапис Да
944 ## - СЪЗДАВАНЕ И РЕДАКЦИЯ на ЗАПИСА
Създаване/Редакция Създаване
Дата на регистрацията/редакция 2020-04-10
Служител, извършил регистрацията/редакцията С.Т.
Наличности
Код за отписване Код за изгубен артикул Източник на класификационната схема Код за повреда Коз за рестрикции Код за отдаване Артикулен № Име на библиотеката - собственик Име на библиотеката, в която се намира в момента Статус (Текущо местоположение) Дата на вписване в системата Местоположение - отдел Цена в лева Инвентарен номер Систематично азбучна сигнатура Баркод Цена в евро Служебен тип на артикула
  Не е изгубен Universal Decimal Classification Не е повреден само за читалня ползва се в читалня 761168 Регионална библиотека "Любен Каравелов" Русе Регионална библиотека "Любен Каравелов" Русе Хранилище 2020-04-13 Хранилище 0.93 471061 Цб 146050 120000471061 0.48 Книги
Vip Innovations Ltd, Rousse, Bulgaria 2025